| 000 | 01237nam a2200229Ia 4500 | ||
|---|---|---|---|
| 003 | Ost | ||
| 005 | 20260507075048.0 | ||
| 008 | 260507s9999||||xx |||||||||||||| ||und|| | ||
| 040 | _cfsecg | ||
| 041 | _aara | ||
| 082 | _a330 | ||
| 100 |
_aأحمد، عبد الرحمان يسرى _eمؤلف |
||
| 245 | 0 |
_aقضايا إسلامية معاصرة في النقود والبنوك والتمويل / _c عبد الرحمان يسرى أحمد |
|
| 260 |
_aالاسكندرية: _bالدار الجامعية, _c2001 |
||
| 300 |
_a455 صفحة؛ _bإيضاحات ؛ _c23 سم |
||
| 504 | _aببليوغرافيا: ص.482 | ||
| 520 | _aالنقود-الفائدة وتطبيقها مع الربا-موقف فقهاء الإسلام منالفائدة-عرض وتحليل لآراء الاقتصاديين الإسلاميين في الربط القياسي-الربط القياسي للأجور بالمستوى العام للأسعار-البنوك الإسلامية-البنوك التقليدية والتحول إلى الإلتزام بالشريعة الإسلامية-التمويل بالعجز | ||
| 653 | _aالإقتصاد الإسلامي | ||
| 653 | _aالبنوك | ||
| 653 | _aالنقود | ||
| 942 | _cكتاب | ||
| 999 |
_c42611 _d42611 |
||